| 000 | 01019cam a2200289 a 4500 | ||
|---|---|---|---|
| 001 | 1653018 | ||
| 003 | OSt | ||
| 005 | 20140917153826.0 | ||
| 008 | 970424s1997 dcua b i000 0 eng | ||
| 010 | _a 97020084 | ||
| 020 | _a0821339567 | ||
| 040 |
_aDLC _cDLC _dDLC |
||
| 050 | 0 | 0 |
_aHC79.E5 _bE98 1997 |
| 082 | 0 | 0 |
_a338.9 _221 |
| 245 | 0 | 0 |
_aExpanding the measure of wealth : _bindicators of environmentally sustainable development. |
| 260 |
_aWashington, D.C. : _bWorld Bank, _cc1997. |
||
| 300 |
_aviii, 110 p. : _bill. ; _c28 cm. |
||
| 440 | 0 |
_aEnvironmentally sustainable development studies and monographs series ; _vno. 17 _91138 |
|
| 504 | _aIncludes bibliographical references. | ||
| 650 | 0 |
_aSustainable development. _91103 |
|
| 650 | 0 |
_aEconomic indicators. _91139 |
|
| 650 | 0 |
_aEnvironmental indicators. _91140 |
|
| 710 | 2 |
_aWorld Bank. _9955 |
|
| 906 |
_a7 _bcbc _corignew _d1 _eocip _f19 _gy-gencatlg |
||
| 942 |
_2z _cSLOAN |
||
| 999 |
_c433 _d433 |
||